000 01490 a2200313 4500
003 Nust
005 20170207154023.0
010 _a 2007048461
020 _a1593271697
020 _a9781593271695 (pbk.)
040 _cNust
082 0 0 _a004.6/8
100 1 _aRoss, John,
245 1 4 _aThe book of wireless-(E-BOOK)
_ba painless guide to wi-fi and broadband wireless /
_cby John Ross.
250 _a2nd ed.
260 _aSan Francisco :
_bNo Starch Press,
_cc2008.
300 _axxi, 326 p. :
_bill. ;
_c24 cm.
500 _aIncludes index.
500 _aRev. ed. of: Book of Wi-Fi. c2003.
505 0 _aIntro to networking -- Intro to wireless networking -- How Wi-Fi works -- What you need for Wi-Fi -- Setting up your computer for Wi-Fi -- How-to Windows -- How-to NIX -- How-to Mac -- Configuring and installing WAPS -- Long range point-to-point -- Public surfing -- Wi-Fi security -- Alternatives to Wi-Fi -- Phones/PDAs -- VPNs -- VOIP telephone service -- Troubleshooting & tips.
650 0 _aIEEE 802.11 (Standard)
650 0 _aTelecommunication engineering.
650 0 _aWireless LANs
_xInstallation.
651 _aE-BOOK
700 1 _aRoss, John,
_d1947-
856 4 1 _3Contributor biographical information
_uhttp://www.loc.gov/catdir/enhancements/fy0913/2007048461-b.html
856 4 1 _3Publisher description
_uhttp://www.loc.gov/catdir/enhancements/fy0915/2007048461-d.html
856 4 1 _3Table of contents only
_uhttp://www.loc.gov/catdir/toc/ecip085/2007048461.html
942 _2ddc
_cBK
999 _c191765
_d191765